Name all Countries Starting With A - Statistics

General Stats
  • This quiz has been taken 46 times
    45 since last reset
  • The average score is 9 of 11
Answer Stats
Answer % Correct
Algeria
89%
Albania
86%
Argentina
86%
Austria
86%
Afghanistan
84%
Angola
84%
Armenia
84%
Australia
84%
Azerbaijan
81%
Andorra
76%
Antigua and Barbuda
76%
No matching quizzes found
Score Distribution
Percent of People with Each Score
Percentile by Number Answered
Your Score History
You have not taken this quiz since the last reset